00760cam a2200253 a 450000100090000000300050000900500170001400800410003101000170007202500230008903800110011204000180012304200100014105000230015108200220017410000310019624501060022725000120033326000420034530000210038750400520040856300090046065000370046915124932NUST20211201153745.0080102s2008 pk b 000 0 eng  a 2007376657 aP-E-2007376657; 45 awaseem aDLCcDLCdDLC alcode00aKBP2101b.I84 2008 a342.0091767 bISH1 aIshaque, Khalid M.,d1926-10aConstitutional limitations :ban essay on limits on exercise of political power /cKhalid M. Ishaque. a2nd ed. aKarachi :bPakistan Law House,c2008. a100 p. ;c23 cm. aIncludes bibliographical references (p. 73-78). aHBK. 0aConstitutional law (Islamic law)